Efectos contables de las combinaciones de negocios /
Guardado en:
| Autor Principal: | |
|---|---|
| Formato: | Libro |
| Idioma: | Spanish |
| Publicado: |
Buenos Aires :
Ediciones Macchi,
2000.
|
| Edición: | 3a. ed., ampliada. |
| Materias: | |
| Etiquetas: |
Agregar Etiqueta
Sin Etiquetas, Sea el primero en etiquetar este registro!
|
| LEADER | 00967nam a22002175a 4500 | ||
|---|---|---|---|
| 001 | EAD.ead000910 | ||
| 008 | 070821s2000####ag############000#0#spa#d | ||
| 005 | 20210419113924.0 | ||
| 245 | 1 | 0 | |a Efectos contables de las combinaciones de negocios / |c Mario Biondi. |
| 250 | |a 3a. ed., ampliada. | ||
| 260 | |a Buenos Aires : |b Ediciones Macchi, |c 2000. | ||
| 300 | |a x, 181 p. ; |c 22 cm. | ||
| 500 | |a "3ª edición ampliada con: la R.T nº 14: Negocios conjuntos"--Tapa. | ||
| 505 | 0 | |a Consolidación de estados contables -- Valor patrimonial proporcional -- Participación en negocios conjuntos (U.T.E.) -- Conversión de estados contables a diferente moneda -- R.T. nros. 4, 5, 13 y 14 F.A.C.P.C.E. | |
| 020 | |a 9505373945 | ||
| 100 | 1 | |a Biondi, Mario. | |
| 082 | 0 | 4 | |a 657.3 |2 21 |
| 650 | 7 | |a Estados contables. |2 isoc | |
| 650 | 7 | |a Sociedades comerciales. |2 unbist | |
| 650 | 7 | |a Unión temporal de empresas. |2 isoc | |
| 859 | |a AR-BaBDC |b BIB. ADMINISTRACION - Libros |h 657.3 |i B523-3a3 |p b04249 | ||
